Statistics for Most Populous Countries - One Minute Sprint

Click here to take the quiz!

General Stats

  • This quiz has been taken 56 times
  • The average score is 16 of 20

Answer Stats

rankcountry% Correct
2India
98%
3United States
98%
5Brazil
96%
1China
96%
9Russia
96%
17Germany
92%
10Japan
92%
4Indonesia
90%
7Nigeria
82%
20France
80%
6Pakistan
80%
11Mexico
76%
8Bangladesh
69%
18Iran
69%
13Ethiopia
67%
14Vietnam
65%
12Philippines
63%
15Egypt
61%
19Turkey
55%
16Dem Rep Congo
53%

Score Distribution

Percentile by Number Answered

Percent of People with Each Score

Your Score History

You have not taken this quiz